Ramón J. Sender in memoriam: antología crítica
Saved in:
| Main Authors: | , |
|---|---|
| Format: | Bog |
| Sprog: | spansk |
| Udgivet: |
Zaragoza
Gráficas Navarro
1983
|
| Fag: | |
| Tags: |
Tilføj Tag
Ingen Tags, Vær først til at tagge denne postø!
|
MARC
| LEADER | 00000nam a2200000 a 4500 | ||
|---|---|---|---|
| 001 | UCW9308 | ||
| 003 | CL-VaPUC | ||
| 008 | 890308e19830000SP |||||||||||||||||spa|d | ||
| 082 | 0 | 4 | |a 863.09 |b MAI |2 21 |
| 100 | |a Mainer, José Carlos |e autor |9 477384 | ||
| 700 | 0 | |a Sender, Ramón José |e author |9 314537 | |
| 245 | 1 | 0 | |a Ramón J. Sender in memoriam: antología crítica |
| 300 | |a 499 p | ||
| 942 | |c BK | ||
| 945 | |d 19890308 00:00:00 | ||
| 260 | |a Zaragoza |b Gráficas Navarro |c 1983 | ||
| 500 | |a Homenaje póstumo a don Ramón J. Sender | ||
| 600 | 0 | 7 | |a SENDER, RAMON JOSE |2 CL-VaPUC |9 314538 |
| 650 | 7 | |a NOVELA ESPAÑOLA |2 CL-VaPUC |9 313139 | |
| 650 | 0 | |a Historia y crítica |9 257407 | |
| 650 | 0 | |a Crítica e interpretación |9 255042 | |
| 583 | |a last modification |c 19890308 00:00:00 |k Rodrigo Vera | ||
| 999 | |c 221316 |d 221314 | ||
| 952 | |0 0 |1 0 |4 0 |6 863_090000000000000_MAI_1983 |7 0 |8 A |9 214496 |a BIBEDU |b BIBEDU |d 2019-11-15 |i 2830957 |o 863.09 MAI 1983 |p 2830957 |r 2019-11-15 |w 2019-11-15 |y BK |k LIT | ||